Ciudadanías globales y sociedades civiles: pistas para el análisis /
Los dramáticos cambios en las dinámicas económicas, sociales, culturales y políticas a nivel global están haciendo posible el surgimiento de cuidadanías y sociedades civiles globales. Son procesos en construcción. Contienen disputas de sentido y de conquista de espacios. Allí la lenta ampliación de...
Gorde:
| Egile nagusia: | |
|---|---|
| Formatua: | Texto |
| Gaiak: | |
| Etiketak: |
Etiketa erantsi
Etiketarik gabe, Izan zaitez lehena erregistro honi etiketa jartzen!
|
MARC
| LEADER | 00000 a a2200000 04500 | ||
|---|---|---|---|
| 001 | 10609 | ||
| 003 | |||
| 040 | |||
| 100 | |a Vargas Valente, Virginia | ||
| 245 | |a Ciudadanías globales y sociedades civiles: |b pistas para el análisis / |c Virginia Vargas Valente | ||
| 520 | |a Los dramáticos cambios en las dinámicas económicas, sociales, culturales y políticas a nivel global están haciendo posible el surgimiento de cuidadanías y sociedades civiles globales. Son procesos en construcción. Contienen disputas de sentido y de conquista de espacios. Allí la lenta ampliación de los derechos ciudadanos frente a asuntos y problemas globales se está dando no solo desde una institucionalidad supraestatal emergente, sino desde los movimientos sociales de perspectiva crecientemente global, que asumen "el derecho a tener derechos" también en este espacio globalizado. Doc/PAG | ||
| 650 | |a NACIONALIDAD | ||
| 650 | |a SOCIEDAD CIVIL | ||
| 650 | |a GLOBALIZACION | ||
| 650 | |a LIBERALIZACION DEL INTERCAMBIO | ||
| 773 | |g número 163; páginas 125-138 | ||
| 999 | |c 30586 |d 30586 | ||
